Statistics for 25 Greatest Quarterbacks in NFL History

Click here to take the quiz!

General Stats

  • This quiz has been taken 12,734 times
    (516 since last reset)
  • The average score is 17 of 25

Answer Stats

# Team Quarterback % Correct
1PatriotsTom Brady
98%
3ColtsPeyton Manning
96%
249ersJoe Montana
93%
6SaintsDrew Brees
88%
7DolphinsDan Marino
87%
12PackersBrett Favre
86%
19SteelersBen Roethlisberger
86%
10PackersAaron Rodgers
85%
9BroncosJohn Elway
84%
18SeahawksRussell Wilson
81%
1549ersSteve Young
78%
14CowboysTroy Aikman
77%
17SteelersTerry Bradshaw
72%
4ColtsJohnny Unitas
72%
13PackersBart Starr
67%
8CowboysRoger Staubach
64%
22OilersWarren Moon
64%
21BillsJim Kelly
64%
20RamsKurt Warner
62%
23VikingsFran Tarkenton
50%
24ChiefsLen Dawson
36%
5BrownsOtto Graham
34%
11RedskinsSammy Baugh
26%
16BearsSid Luckman
22%
25RamsNorm Van Brocklin
19%

Score Distribution

Percentile by Number Answered

Percent of People with Each Score

Your Score History

You have not taken this quiz since the last reset